| 000 | 01692nam0a2200337 i 4500 | ||
|---|---|---|---|
| 001 | RU\NLR\BIBL_A\011117275 | ||
| 005 | 20260407080536.0 | ||
| 010 |
_a9785780711452 _9300 |
||
| 021 |
_aRU _b2016-29312 _91887 |
||
| 035 | _a(NILC)RuMoRGB-008278045 | ||
| 035 | _a(NLR Aleph) 011117275 | ||
| 090 |
_a11499278 _c11499278 |
||
| 100 | _a20160428d2015 k y0rusy50 ca | ||
| 101 | 0 | _arus | |
| 102 | _aRU | ||
| 105 | _a |||z|||000 | ||
| 200 | 1 |
_aГлобальная коэволюция сознания как ноосферная история _e[сборник] _fМ-во образования и науки Российской Федерации, ФГБОУ ВПО "Ивановский гос. ун-т" _g[отв. ред.: д.филос.н., проф. Г.С. Смирнов, д.филос.н., доц. Д.Г. Смирнов] |
|
| 210 |
_aИваново _cИвановский гос. ун-т _d2015 |
||
| 215 |
_a258, [1] с. _d20 |
||
| 320 | _aБиблиогр.: с. 242-257 и в подстроч. примеч. | ||
| 606 | 1 |
_aНоосфера _xТеория _xФилософские вопросы _91768649 _3RU\NLR\AUTH\66793992 |
|
| 606 |
_aМистицизм _xИстория _yРоссия _92241426 _3RU\NLR\AUTH\661344961 |
||
| 686 | 1 | _aС550.0 | |
| 686 | 1 | _aЮ3(2)6-677 | |
| 702 | 1 |
_4340 _7ca _8rus _aСмирнов _bГ. С. _cд-р филос. наук _gГригорий Станиславович _95532 _3RU\NLR\AUTH\7722475 |
|
| 712 | 0 | 2 |
_4570 _aИвановский государственный университет _9283881 _3RU\NLR\AUTH\886063 |
| 801 | 0 |
_aRU _bРГБ _c20160412 _gRCR |
|
| 942 | _cBOOK | ||
| 980 | _aNBR | ||